| 000 | 00767cam a22002531 4500 | ||
|---|---|---|---|
| 001 | 36104 | ||
| 003 | BD-RjUL | ||
| 005 | 20211209052432.0 | ||
| 008 | 140616s1952 e 001 0 eng d | ||
| 035 | _a(BD-RjUL)36201 | ||
| 035 | _a(OCoLC)968426 | ||
| 040 |
_aDLC _cOAU _dBD-RjUL _beng |
||
| 041 | _aeng | ||
| 082 |
_a320.1 _bFAA 1952 |
||
| 100 | 1 |
_aFasnacht, George Eugene _9109889 |
|
| 245 | 1 | 0 |
_aActon's political philosophy : _ban analysis / _cWith a foreword by Sir Harold Butler. |
| 260 |
_aLondon : _bHollis & Carter, _c1952. |
||
| 300 |
_axiv, 265 p. ; _c23 cm. |
||
| 504 | _aIncludes index. | ||
| 600 | 1 | 0 |
_aActon, John Emerich Edward Dalberg Acton, _cBaron, _d1834-1902. _971833 |
| 942 |
_2ddc _cBK |
||
| 999 |
_c36104 _d36104 |
||